Spišský hrad

Zobrazenie: pohľad na hrad spod kopca

Bibliographic Details
Format: Image
Language:Slovak
PhysicalDescription:1 pohľadnica čiernobiela 9 x 14 cm
Published: Bratislava Tatran [medzi 1945 a 1949?]
Subjects:

MARC

LEADER 00000nkm a2200000 a 4500
001 vtls001380775
003 SK-MaSNL
005 20260301161355.0
008 231206q1945 xo 0k|slo
035 |a SNK000334774 
040 |a SNK  |b slo  |c SNK  |e AACR2 
041 0 |a slo 
043 |a e-xo--- 
044 |a xo  |c SK 
080 |a 908(437.6)  |2 2011 
080 |a (084.121)  |2 2011 
245 0 0 |a Spišský hrad  |h grafika 
260 |a Bratislava  |b Tatran  |c [medzi 1945 a 1949?] 
300 |a 1 pohľadnica  |b čiernobiela  |c 9 x 14 cm 
520 8 |a Zobrazenie: pohľad na hrad spod kopca 
610 2 7 |a Spišský hrad (Žehra, Slovensko)  |2 SNKKA  |9 55722 
651 7 |a Žehra (Slovensko)  |2 SNKPH  |9 51867 
655 7 |a miestne pohľadnice  |2 SNKPH  |9 70510 
958 |a GC 
958 |a OND 
958 |a GBN 
999 |c 809185  |d 811115 
952 |t P60, <03>, [BOOK], {603}  |a SNK  |b SNK  |y PREZ  |7 0  |p 17A0223894  |o snkSP 22663  |0 0  |1 0  |4 0  |d 2000-01-13  |f 1  |l 0  |r 2005-01-02 00:00:00  |w 2026-02-24